[Event "FRA-ch U16"]
[Site "Aix les Bains"]
[Date "2006.??.??"]
[Round "5"]
[White "Conway, Anthony"]
[Black "Benassayag, Lucas"]
[Result "0-1"]
[WhiteElo "1984"]
[BlackElo "2051"]
[PlyCount "88"]
[EventDate "2006.04.16"]
[EventType "swiss"]
[EventRounds "9"]
[EventCountry "FRA"]
[SourceTitle "EXT 2007"]
[Source "ChessBase"]
[SourceDate "2006.11.23"]
[SourceVersion "1"]
[SourceVersionDate "2006.11.23"]
[SourceQuality "1"]

1. d4 Nf6 2. c4 c5 3. d5 e5 4. Nc3 d6 5. e4 Be7 6. h3 a6 7. a4 0-0 8. Nf3 Ne8 9. Bd3 g6 10. Bh6 Ng7 11. g4 Nd7 12. Qd2 Nf6 13. Ng1 Kh8 14. Nge2 Ng8 15. Be3 Bh4 16. g5 f5 17. gxf6 Qxf6 18. Ng1 Bd7 19. Rh2 b5 20. cxb5 axb5 21. Nxb5 Rfb8 22. Qe2 Nh5 23. Ra3 Nf4 24. Bxf4 Qxf4 25. Nf3 Rf8 26. Bc2 Bxb5 27. Qxb5 Rab8 28. Qd3 Rxb2 29. Rg2 Qc1+ 30. Bd1 c4 31. Qc3 Qb1 32. Qxc4 Rb4 33. Qe2 Rxe4 34. Re3 Rxa4 35. Nd2 Qc1 36. Ne4 Ne7 37. Rf3 Rxf3 38. Qxf3 Nf5 39. Rg4 Be7 40. Qb3 Ra1 41. Ng3 Nd4 42. Qd3 Ra3 43. Qe4 Nf3+ 44. Ke2 Qd2+ 0-1

[Event "FRA-ch U14"]
[Site "Calvi"]
[Date "2005.04.21"]
[Round "6"]
[White "Charmeteau, Sven"]
[Black "Conway, Anthony"]
[Result "0-1"]
[WhiteElo "2006"]
[BlackElo "1699"]
[PlyCount "54"]
[EventDate "2005.04.??"]
[EventType "swiss"]
[EventRounds "9"]
[EventCountry "FRA"]
[SourceTitle "EXT 2006"]
[Source "ChessBase"]
[SourceDate "2005.11.24"]
[SourceVersion "1"]
[SourceVersionDate "2005.11.24"]
[SourceQuality "1"]

1. d4 d5 2. c4 e6 3. Nc3 Nf6 4. cxd5 exd5 5. Bg5 Be7 6. e3 0-0 7. Qc2 h6 8. Bf4 c5 9. dxc5 Nc6 10. 0-0-0 Qa5 11. Bd6 Bxd6 12. cxd6 Be6 13. Qa4 Qxa4 14. Nxa4 Ne4 15. f3 Nf2 16. g4 Nxd1 17. Kxd1 d4 18. Nc5 Bxa2 19. e4 b6 20. Bb5 bxc5 21. Bxc6 Rac8 22. Ba4 Rfd8 23. Ne2 Rxd6 24. Kd2 Rb8 25. Kc1 Rdb6 26. b3 Bxb3 27. Bd7 Bc4 0-1